Mesto alebo dedina? - Statistics

General Stats
  • This quiz has been taken 3 times
  • The average score is 16 of 20
Answer Stats
Question Answer % Correct
Nitrianske Pravno Dedina
100%
Kraľovany Dedina
100%
Dedinky Dedina
100%
Donovaly Dedina
100%
Plešivec Dedina
100%
Bernolákovo Dedina
100%
Očová Dedina
100%
Stakčín Dedina
100%
Čierny Balog Dedina
100%
Oščadnica Dedina
100%
Spišský Štvrtok Dedina
100%
Veľká Lomnica Dedina
100%
Kováčová Dedina
100%
Králiky Dedina
100%
Svätý Anton Dedina
100%
Dolná Streda Dedina
100%
Ladce Dedina
100%
Slovenská Ľupča Dedina
100%
Poniky Dedina
100%
Varín Dedina
100%
Jarovnice Dedina
100%
Trenčianske Teplice Mesto
100%
Jelšava Mesto
100%
Kysucké Nové Mesto Mesto
100%
Šahy Mesto
100%
Tisovec Mesto
100%
Holíč Mesto
100%
Vráble Mesto
100%
Tornaľa Mesto
100%
Vrbové Mesto
100%
Levoča Mesto
100%
Sládkovičovo Mesto
100%
Šurany Mesto
100%
Gabčíkovo Mesto
100%
Slovenské Nové Mesto Dedina
50%
Kriváň Dedina
50%
Heľpa Dedina
50%
Hanušovce nad Topľou Mesto
50%
Modrý Kameň Mesto
50%
Gelnica Mesto
50%
Muráň Dedina
0%
Margecany Dedina
0%
Štrba Dedina
0%
Hybe Dedina
0%
Sklené Teplice Dedina
0%
Domaniža Dedina
0%
Zemplín Dedina
0%
Smižany Dedina
0%
Herľany Dedina
0%
Demänovská Dolina Dedina
0%
Kláštor pod Znievom Dedina
0%
Sučany Dedina
0%
Horná Štubňa Dedina
0%
Beckov Dedina
0%
Halič Dedina
0%
Turňa nad Bodvou Dedina
0%
Batizovce Dedina
0%
Predmier Dedina
0%
Makov Dedina
0%
Raková Dedina
0%
Uhrovec Dedina
0%
Smolník Dedina
0%
Jesenské Dedina
0%
Smolenice Dedina
0%
Jablonica Dedina
0%
Terchová Dedina
0%
Telgárt Dedina
0%
Tešedíkovo Dedina
0%
Kúty Dedina
0%
Čachtice Dedina
0%
Beluša Dedina
0%
Strečno Dedina
0%
Podbrezová Dedina
0%
Zázrivá Dedina
0%
Podbrezová Dedina
0%
Topoľčianky Dedina
0%
Hnilec Dedina
0%
Turzovka Mesto
0%
Giraltove Mesto
0%
Lipany Mesto
0%
Svit Mesto
0%
Vysoké Tatry Mesto
0%
Nemšová Mesto
0%
Veľký Šariš Mesto
0%
Liptovský Hrádok Mesto
0%
Kolárovo Mesto
0%
Čierna nad Tisou Mesto
0%
Veľké Kapušany Mesto
0%
Sečovce Mesto
0%
Šamorín Mesto
0%
Dudince Mesto
0%
Fiľakovo Mesto
0%
Partizánske Mesto
0%
Svätý Jur Mesto
0%
Gbely Mesto
0%
Medzev Mesto
0%
Moldava nad Bodvou Mesto
0%
Poltár Mesto
0%
Želiezovce Mesto
0%
Nová Baňa Mesto
0%
Tlmače Mesto
0%
Podolínec Mesto
0%
Spišská Stará Ves Mesto
0%
Brezová pod Bradlom Mesto
0%
Bojnice Mesto
0%
Dobšiná Mesto
0%
Krompachy Mesto
0%
Strážske Mesto
0%
Medzilaborce Mesto
0%
Kráľovský Chlmec Mesto
0%
Hnúšťa Mesto
0%
Trstená Mesto
0%
Rajecké Teplice Mesto
0%
Nesvady Mesto
0%
Kremnica Mesto
0%
Veľký Meder Mesto
0%
Šaštín-Stráže Mesto
0%
Stará Turá Mesto
0%
Sobrance Mesto
0%
Leopoldov Mesto
0%
No matching quizzes found
Score Distribution
Percent of People with Each Score
Percentile by Number Answered
Your Score History
You have not taken this quiz